000
00334nam a2200133Ia 4500
008
240624s9999 xx 000 0 und d
041
_a
eng
082
_a
005.133 SHE
100
_a
SHEATHER SIMON
245
_a
MODERN APPROACH TO REGRESSION WITH R
260
_c
2009
_a
Texas
_b
Springer
300
_a
xiv, , 393 : p.
365
_c
ERU
_b
30
999
_c
29209
_d
29209